| 000 | 01679nam0a22003011 4500 | ||
|---|---|---|---|
| 001 | rc\2560333 | ||
| 005 | 20250623104540.0 | ||
| 035 | _a(NLR Aleph) 006725257 | ||
| 090 |
_a5486294 _c5486294 |
||
| 100 | _a20110914d1927 |||y0rusy50 ca | ||
| 101 | 0 | _arus | |
| 102 | _aRU | ||
| 105 | _aab z ||||| | ||
| 200 | 1 |
_aCrania armenica _eИсследование по антропологии передней Азии _eС табл. измерений, граф., диагр. и фотогр. _fПроф. В. В. Бунак |
|
| 210 |
_aМосква _cАссоциация науч.-исследоват. инст-тов при Физико-математич. фак-те I М.Г.У. _d1927 _gтип. кооп-ва "Наука и просвещение" |
||
| 215 |
_a263 с., [26] вклад. л. ил., черт., граф., карт. _cграф. _d27х18 см. |
||
| 225 | 1 |
_aТруды Антропологического научно-исследовательского института при 1 М.Г.У. _vВып. 2 |
|
| 300 | _aДоб. тит. лист на нем. яз. Резюме на нем. яз. | ||
| 300 | _aНа обл. - проф. В. В. Бунак. prof. V. Bunak | ||
| 300 | _aПрилож. к "Русскому антропологическому журналу", т. XVI вып. 1-2 | ||
| 320 | _aБиблиография: "Список сочинений, на которые сделаны ссылки" (на 2 страницах) | ||
| 700 | 1 |
_aБунак _bВ.В. _f1891- _gВиктор Валерианович |
|
| 801 | 0 |
_aRU _bNLR _gpsbo |
|
| 801 | 1 |
_aRU _bELAR _2rusmarc |
|
| 852 |
_aNLR _jП7/193 |
||
| 942 | _cBOOK | ||
| 980 | _aNB | ||